00297nam a2200097 a 450000500170000000800410001705000180005810000300007624500510010626000420015720140414131857.0100827s19uu xx 00 eng d aFILbAm6 1999 aTobias, Mary Ann Manalang aAmor :bor, the bat who taught she was an owl. aManila, Philippines :bAdarna,c1999.